| 000 | 01239 a2200229 4500 | ||
|---|---|---|---|
| 001 | 26772 | ||
| 005 | 20260407155545.0 | ||
| 008 | 260407a1974 arg spa d | ||
| 003 | AR-UNSa-BCEJYS | ||
| 040 |
_aAR-UNSa-BCEJYS _bspa _cAR-UNSa-BCEJYS |
||
| 080 |
_a658.8 _xOrganización de mercados. Marketing. Ventas. Distribución |
||
| 245 | 1 | 0 |
_aDirección de Mercadotecnia _pAnálisis, planeación y control. |
| 250 | _a2a. ed | ||
| 264 | 1 |
_aMéxico : _bDiana _c1974 |
|
| 300 |
_a1100 p. _c23 cm. |
||
| 505 | _aParte I: Conceptualización de la dirección de mercadotecnia: 1. El concepto de mercadotecnia - 2. Sistema de mercadotecnia - Parte II: Análisis de las oprtunidades de comercialización: 3. El medio ambiente de la mercadotecnia - 4. Los mercados de consumo y la conducta del computador - 5. Mercados del productor, del distribuidro y del gobierno - 6. Segmentación del mercado - 7. Medición y predicción del mercado - Parte III: Organización comercial de mercadotecnia: 8. Estrategia de crecimiento y competitiva - 9. Organización de la mercadotecnia - 10. | ||
| 942 | _cBK | ||
| 590 | _aniveau_biblio:m niveau_hierar:0 | ||
| 100 | 1 | _aKotler, Philip | |
| 700 | 1 | _aArce Rincón, Manuel | |
| 700 | 1 | _aMateo, Andrés Ma. | |
| 999 |
_c1497 _d1497 |
||